000 00703nam a2200289Ia 4500
005 20260324114939.0
008 008 260324s9999 xx 000 0 eng d
020 _a9781003098423
037 _aEBOOK
040 _aCRL
040 _beng
040 _cCRL
041 _2eng
041 _aeng
084 _qCRL
100 _aL. Ashok Kumar; K. Mohana Sundaram
_91152774
245 0 _aOptimal Power Flow Using FACTS Devices
245 0 _bSoft Computing Techniques
260 _bTaylor and Francis
260 _c2020
365 _a
365 _b240
856 _uhttp://www.taylorfrancis.com/books/9781003098423
942 _cEBOOK
999 _c1743274
_d1743274